| 000 | 00505nam a2200193Ia 4500 | ||
|---|---|---|---|
| 003 | LK-CoDNM | ||
| 005 | 20240823103243.0 | ||
| 008 | 010623t1894 xxu||||| |||| 00| 1 eng d | ||
| 040 |
_aLK-CoDNM _dLK-CoDNM _eLK-CoDNM |
||
| 041 | _aeng | ||
| 080 |
_a7 _bN24 |
||
| 100 | _aMaude,Francis Cornwallis | ||
| 245 | _aMemories of the Mutiny | ||
| 260 |
_bRemington Company _aLondon _c1894 |
||
| 300 | _b280P. 14Pl ; 20 260: 3rd cm | ||
| 650 | _aMatrimony | ||
| 700 | _aSherer,John Walter | ||
| 942 | _cBK | ||
| 999 |
_c83888 _d83888 |
||